| 000 | 00411nam a2200157 i 4500 | ||
|---|---|---|---|
| 001 | 59998 | ||
| 003 | ES-MaACL | ||
| 005 | 20230906164134.0 | ||
| 007 | t| | ||
| 008 | 031031s1962 sp ||||1| baq d | ||
| 100 | 1 |
_aErkiaga, Eusebio. _947402 |
|
| 245 | 1 | 0 |
_aAraibar zalduna / _cEusebio Erkiaga. |
| 260 |
_aZarautz : _bItxaropena, _c1962. |
||
| 300 |
_a171 p. ; _c18 cm. |
||
| 852 |
_aES-MaACL _jC-21357 _bR.49779 |
||
| 999 |
_c59998 _d59998 |
||